Culture Générale - Série 506 - Statistiques

Statistiques générales
  • Ce quiz a été pris 250 fois
  • Le résultat moyen est 8 sur 10
Statistiques - réponses
Question Réponse % Correct
Quel est l'instrument de musique de prédilection de Gilbert Montagné ? piano
96%
Au nord de quel pays asiatique trouve-t-on un mur de plus de 5 000 kilomètres ? Chine
95%
Sur un clavier d'ordinateur de type AZERTY, quel signe de ponctuation partage sa touche avec le point d'interrogation ? virgule
87%
De quel pays Dmitri Medvedev a-t-il été élu président en mars 2008 ? Russie
81%
Dans quel sport Olivier de Kersauson s'illustre-t-il principalement ? voile
81%
Quel animal est dit "alezan" quand sa robe est fauve, nuancée de jaune et de rouge ? cheval
78%
Dans quel pays la ville de Salvador, anciennement appelée Bahia, est-elle située ? Brésil
68%
Avec le beurre et la crème fraîche, quel est l'ingrédient indispensable à la préparation d'une crème ganache ? chocolat
58%
Par quel nom d'objet en bois les appelés désignaient-ils la fin du service militaire ? Quille
57%
Dans une de ses chansons, qui demande à son "p'tit loup" de ne pas pleurer en 1979 ? Pierre Perret
48%
Aucun quiz correspondant
Distribution des résultats
% des personnes avec chaque résultat
Percentile par nombre de réponses
Votre historique - résultats
Vous n’avez pas pris ce quiz